[Event "Oslo Sveins op 6th"]
[Site "Oslo"]
[Date "2013.06.24"]
[Round "6"]
[White "Gronn, Atle"]
[Black "Christiansen, Johan Sebastian"]
[Result "0-1"]
[WhiteElo "2368"]
[BlackElo "2086"]
[PlyCount "154"]
[EventDate "2013.06.21"]
[EventType "swiss"]
[EventRounds "9"]
[EventCountry "NOR"]
[SourceTitle "CBM 155 Extra"]
[Source "ChessBase"]
[SourceDate "2013.08.26"]
[SourceVersion "1"]
[SourceVersionDate "2013.08.26"]
[SourceQuality "1"]

1. g3 c5 2. Bg2 Nc6 3. e4 g6 4. Ne2 Bg7 5. 0-0 e6 6. d3 Nge7 7. c3 0-0 8. Be3 b6 9. d4 cxd4 10. Nxd4 Bb7 11. f4 Nxd4 12. Bxd4 d5 13. e5 Nc6 14. Bf2 Rc8 15. Na3 Na5 16. Qa4 Ba6 17. Rfe1 Qe8 18. Qc2 Qc6 19. Rad1 Rfd8 20. Qb1 Bf8 21. Nc2 Qc7 22. g4 Bg7 23. Nd4 Nc6 24. Nxc6 Qxc6 25. f5 Bb7 26. Rd3 Rc7 27. Rh3 Bc8 28. f6 Bf8 29. Bd4 Ba6 30. Qc1 Qa4 31. a3 Rc4 32. Rd1 Rdc8 33. b4 Qb3 34. Bf1 Rxd4 35. Rxd4 Bxf1 36. Kxf1 a5 37. Rdd3 axb4 38. axb4 Qc4 39. Qg5 Ra8 40. Rhf3 Ra2 41. Qf4 Qb3 42. Rd2 Rxd2 43. Qxd2 Qc4+ 44. Kf2 Qxg4 45. Qd4 Qh5 46. Kg2 b5 47. Rf2 Qg5+ 48. Kf1 Qc1+ 49. Kg2 Qg5+ 50. Kf1 Qc1+ 51. Ke2 Bh6 52. Qd3 Qg5 53. Qd4 Qc1 54. Qd3 Qg5 55. Qg3 Qc1 56. Rf3 Bd2 57. Rd3 Bf4 58. Qf3 Qc2+ 59. Kf1 Bxe5 60. h3 Bxf6 61. Re3 Kg7 62. Qe2 Qc1+ 63. Qe1 Qc2 64. Qe2 Qb1+ 65. Qe1 Qf5+ 66. Kg2 Qc2+ 67. Kh1 e5 68. Qf1 e4 69. Rg3 Be5 70. Rg2 Qxc3 71. Rf2 f5 72. Ra2 Qg3 73. Ra7+ Kh6 74. Ra2 d4 75. Qxb5 d3 76. Qd5 Qxh3+ 77. Kg1 Bf4 0-1

[Event "Oslo Sveins op 6th"]
[Site "Oslo"]
[Date "2013.06.24"]
[Round "7"]
[White "Ostby, Martin Bergsjo"]
[Black "Gronn, Atle"]
[Result "0-1"]
[WhiteElo "1872"]
[BlackElo "2368"]
[PlyCount "34"]
[EventDate "2013.06.21"]
[EventType "swiss"]
[EventRounds "9"]
[EventCountry "NOR"]
[SourceTitle "CBM 155 Extra"]
[Source "ChessBase"]
[SourceDate "2013.08.26"]
[SourceVersion "1"]
[SourceVersionDate "2013.08.26"]
[SourceQuality "1"]

1. e4 c5 2. Nf3 Nc6 3. d4 cxd4 4. Nxd4 Nf6 5. Nc3 d6 6. Be2 g6 7. 0-0 Bg7 8. Be3 0-0 9. h3 a6 10. a4 Bd7 11. Nb3 Na5 12. Nxa5 Qxa5 13. Qd2 Rfc8 14. Rfd1 Qb4 15. Nd5 Qxd2 16. Rxd2 Nxd5 17. exd5 Bxb2 0-1

[Event "Oslo Sveins op 6th"]
[Site "Oslo"]
[Date "2013.06.23"]
[Round "4"]
[White "Haug, Johannes"]
[Black "Gronn, Atle"]
[Result "1/2-1/2"]
[WhiteElo "2050"]
[BlackElo "2368"]
[PlyCount "77"]
[EventDate "2013.06.21"]
[EventType "swiss"]
[EventRounds "9"]
[EventCountry "NOR"]
[SourceTitle "CBM 155 Extra"]
[Source "ChessBase"]
[SourceDate "2013.08.26"]
[SourceVersion "1"]
[SourceVersionDate "2013.08.26"]
[SourceQuality "1"]

1. c4 g6 2. d4 Bg7 3. e3 c5 4. Ne2 Nf6 5. g3 cxd4 6. Nxd4 Nc6 7. Bg2 0-0 8. 0-0 Nxd4 9. exd4 d5 10. cxd5 Nxd5 11. Nc3 Be6 12. Qf3 Nxc3 13. bxc3 Rc8 14. Qxb7 Rxc3 15. Be3 Rc7 16. Qb4 Bd5 17. Rfc1 Bxg2 18. Kxg2 Rd7 19. Rc4 Qa8+ 20. Kg1 Rfd8 21. Rac1 h6 22. h4 e6 23. Rc7 Rxc7 24. Rxc7 Rb8 25. Qe7 Qf3 26. Rc1 Rb7 27. Qe8+ Kh7 28. Qc6 Qxc6 29. Rxc6 h5 30. Ra6 Bh6 31. Bxh6 Kxh6 32. Rd6 Kg7 33. Kg2 Kf6 34. Kf3 Rc7 35. Ra6 Rc3+ 36. Ke4 Rc2 37. Kf3 Rc3+ 38. Ke4 Rc2 39. Kf3 1/2-1/2

[Event "Oslo Sveins op 6th"]
[Site "Oslo"]
[Date "2013.06.21"]
[Round "8"]
[White "Gonzalez, Francisco Silva"]
[Black "Gronn, Atle"]
[Result "0-1"]
[WhiteElo "2050"]
[BlackElo "2368"]
[PlyCount "42"]
[EventDate "2013.06.21"]
[EventType "swiss"]
[EventRounds "9"]
[EventCountry "NOR"]
[SourceTitle "CBM 155 Extra"]
[Source "ChessBase"]
[SourceDate "2013.08.26"]
[SourceVersion "1"]
[SourceVersionDate "2013.08.26"]
[SourceQuality "1"]

1. d4 e6 2. c4 f5 3. Nc3 Nf6 4. Nf3 Bb4 5. Qc2 0-0 6. a3 Bxc3+ 7. Qxc3 a5 8. b3 b6 9. Bf4 Bb7 10. e3 Ne4 11. Qc2 d6 12. Bd3 Nd7 13. h4 Qe7 14. Rh2 e5 15. dxe5 dxe5 16. Bg5 Nxg5 17. Nxg5 e4 18. Be2 Qe5 19. 0-0-0 Nc5 20. Rhh1 Qa1+ 21. Qb1 Qc3+ 0-1